El mal está entre nosotros / (Record no. 44981)
[ view plain ]
| 000 -LEADER | |
|---|---|
| campo de control de longitud fija | 01827nam a2200313 i 4500 |
| 001 - NÚMERO DE CONTROL | |
| campo de control | 44981 |
| 003 - IDENTIFICADOR DE NÚMERO DE CONTROL | |
| campo de control | ES-MaACL |
| 005 - FECHA Y HORA DE LA ÚLTIMA TRANSACCIÓN | |
| campo de control | 20260617125144.0 |
| 007 - CAMPO FIJO DE DESCRIPCIÓN FÍSICA--INFORMACIÓN GENERAL | |
| campo de control de longitud fija | t| |
| 008 - DATOS DE LONGITUD FIJA--INFORMACIÓN GENERAL | |
| campo de control de longitud fija | 030324s1959 sp ||||1| spa d |
| 245 03 - MENCIÓN DEL TÍTULO | |
| Título | El mal está entre nosotros / |
| Mención de responsabilidad, etc. | por Paul Claudel... Jacques Maritain, Henri Gouhier, R.P. Bouyer, R.P. Florovsky, Pastor Bosc, M. de Gandillac, J. de Fabregues, Pierre Dournes, Gabriel Marcel ; [versión, Francisco Sabaté]. |
| 260 ## - PUBLICACIÓN, DISTRIBUCIÓN, ETC. | |
| Lugar de publicación, distribución, etc. | Valencia : |
| Nombre del editor, distribuidor, etc. | Fomento de Cultura, |
| Fecha de publicación, distribución, etc. | [1959] ( |
| Fabricante | P. Quiles) |
| 300 ## - DESCRIPCIÓN FÍSICA | |
| Extensión | 357 p. ; |
| Dimensiones | 19 cm. |
| 505 8# - NOTA DE CONTENIDO CON FORMATO | |
| Nota de contenido con formato | Contiene: Situación contemporánea del mal / por Henri Gouthier. Las técnicas de envilecimiento en el mundo y el pensamiento actual / por Gabriel Marcel. El problema del mal en la literatura contemporánea / por Jean de Pahigues. La miseria "mal universal humano" / por Pierre Dournes. El mal y la salvación en el marxismo y el existencialismo / por Maurice de Gandillac. La fe católica y el misterio del mal / por P. F. Bouyer. La fe reformada y el problema del mal / por Jean Bosc. Tenebras noctum "posición de un cristiano en la Iglesia ortodoxa rusa" por Georges Florousky. El mal y la libertad / por Paul Claudel. Santo Tomás de Aquino y el problema del mal / por Jacques Maritain |
| 650 04 - PUNTO DE ACCESO ADICIONAL DE MATERIA--TÉRMINO DE MATERIA | |
| Término de materia o nombre geográfico como elemento de entrada | Mal. |
| 9 (RLIN) | 14740 |
| 700 ## - ENTRADA AGREGADA--NOMBRE PERSONAL | |
| Nombre de persona | Claudel, Paul, |
| Fechas asociadas al nombre | 1868-1955 |
| 9 (RLIN) | 239252 |
| 700 1# - ENTRADA AGREGADA--NOMBRE PERSONAL | |
| Nombre de persona | Sabaté, Francisco. |
| 9 (RLIN) | 101165 |
| 700 1# - ENTRADA AGREGADA--NOMBRE PERSONAL | |
| Nombre de persona | Gouthier, Henri. |
| 9 (RLIN) | 59373 |
| 700 1# - ENTRADA AGREGADA--NOMBRE PERSONAL | |
| Nombre de persona | Marcel, Gabriel, |
| Fechas asociadas al nombre | 1889-1973 |
| 9 (RLIN) | 156691 |
| 700 1# - ENTRADA AGREGADA--NOMBRE PERSONAL | |
| Nombre de persona | Pahigues, Jean de. |
| 9 (RLIN) | 88309 |
| 700 1# - ENTRADA AGREGADA--NOMBRE PERSONAL | |
| Nombre de persona | Dournes, Pierre. |
| 9 (RLIN) | 45511 |
| 700 0# - ENTRADA AGREGADA--NOMBRE PERSONAL | |
| Nombre de persona | Gandillac, Maurice de, |
| Fechas asociadas al nombre | 1906-2006 |
| 9 (RLIN) | 53842 |
| 700 1# - ENTRADA AGREGADA--NOMBRE PERSONAL | |
| Nombre de persona | Bouyer, P. F. |
| 9 (RLIN) | 31096 |
| 700 1# - ENTRADA AGREGADA--NOMBRE PERSONAL | |
| Nombre de persona | Bosc, Jean. |
| 9 (RLIN) | 30631 |
| 700 1# - ENTRADA AGREGADA--NOMBRE PERSONAL | |
| Nombre de persona | Florousky, Georges. |
| 9 (RLIN) | 51353 |
| 700 1# - ENTRADA AGREGADA--NOMBRE PERSONAL | |
| Nombre de persona | Maritain, Jacques. |
| 9 (RLIN) | 76903 |
| 852 ## - LOCALIZACIÓN | |
| Ubicación | ES-MaACL |
| Número de control de estantería | C-17499 |
| Estatus retirado | Estado de pérdida | Estado de daño | No para préstamo | Biblioteca de origen | Biblioteca actual | Ubicación en estantería | Fecha de adquisición | Fuente de adquisición | Total de préstamos | Signatura topográfica completa | Código de barras | Visto por última vez | Precio de reemplazo | Tipo de ítem Koha |
|---|---|---|---|---|---|---|---|---|---|---|---|---|---|---|
| Biblioteca del Ateneo de Madrid | Biblioteca del Ateneo de Madrid | Galería | 17/01/2008 | C-17499 | 1047338 | 23/02/2023 | 23/02/2023 | Libro impreso |
